Gaming Quiz

Random Gaming Quiz

Fallout New Vegas Characters Quiz Stats

 Plays Quiz not verified by Sporcle

Support Sporcle.
Go Orange.
Score 0/80 Timer 10:00
0 Plays Today
Description Character % Correct
261-year-old ruler of New VegasRobert Edwin House
82.1%
Chairman who shot you in GoodspringsBenny
81.3%
Possible sniper companionCraig Boone
80.9%
Possible cyberdog companionRex
79.1%
Robot who digs you out of your graveVictor
79%
Leader of The Kings in FreesideThe King
78.6%
Possible Eyebot companionED-E
78.6%
Official name of playable characterCourier
77.5%
Possible whiskey-loving companionRose of Sharon Cassidy
77.5%
Leader of the LegionCaesar
77.3%
Man who fixes you up after being shotDoc Mitchell
74.2%
Possible ghoul companionRaul Tejada
73.8%
Possible Brotherhood scribe companionVeronica Renata Santangelo
72.7%
Possible Follower of Apocalypse companionArcade Gannon
71.4%
Goodsprings woman, taught you how to survive in the MojaveSunny Smiles
71.2%
Former Legate of the Legion, known as the Burned ManJoshua Graham
70.8%
Helpful, forthcoming Securitron Yes Man
70.1%
Leader of the State of Utobitha super mutantsTabitha
69.1%
Possible mutant companionLily Bowen
68.9%
Daytime sniper of NovacManny Vargas
68.7%
President of the NCRAaron Kimball
68.3%
Nightkin at the Sierra Madre with two personalitiesDog
67.1%
An old dynamite-savvy prospector in GoodspringsEasy Pete
65.8%
Leader of the Great KhansPapa Khan
65.2%
Second in command of the LegionLegate Lanius
63.5%
Second-in-command of The KingsPacer
63.1%
Leader of the group of religious ghouls in REPCONNJason Bright
63%
Insane resident of NovacNo-bark Noonan
61.3%
Ghoulified Pre-War lounge singer at the Sierra MadreDean Domino
61.3%
Leader of the FiendsMotor-Runner
59.2%
Robot in Vikki and Vance Casino, possible mayor of PrimmPrimm Slim
58.5%
Leader of the BoomersPearl
58.1%
Threatened by Powder Gangers, hides out in GoodspringsRingo
56.6%
Leader of the New Vegas branch of the Followers of the ApocalypseJulie Farkas
56%
Owner of the Silver Rush in FreesideGloria Van Graff
54.5%
Owns the Prospector Saloon in GoodspringsTrudy
53.6%
Leader of the Frumentarii of the LegionVulpes Inculta
52.7%
Mute prisoner at the Sierra MadreChristine Royce
52%
Shopkeeper of General Store in GoodspringsChet
51.9%
Leader of Brotherhood of Steel at Hidden Valley Elder McNamara
51.5%
Description Character % Correct
Courier and FrumentariusUlysses
51%
Plans to take over Goodsprings with help of Powder Gangers and playerJoe Cobb
50.4%
Commanding officer of the NCRGeneral Lee Oliver
48.5%
Billboard artist living on The StripMichael Angelo
48%
Former deputy of PrimmDeputy Beagle
47.8%
Securitron who gives you 2,000 caps per snowglobeJane
47%
Owner of the Crimson Caravan CompanyAlice McLafferty
46.7%
NCR ambassador to New Vegas Dennis Crocker
46.3%
Right hand man of the leader of the OmertasBig Sal
45.5%
Human who mistakes himself for a ghoulChris Haversam
45.2%
Second-in-command of The ChairmenSwank
45%
Owner of the Vault 21 gift shop on The StripSarah Weintraub
44.4%
Commanding officer of NCR forces at Camp McCarranColonel Hsu
43.1%
Supervisor of the Mojave Express in PrimmJonhson Nash
41.5%
Leader of the OmertasNero
41%
Known for her Radscorpion venom casserole Ruby Nash
40%
Second-in-command of the Mojave branch of the Van Graffs Jean-Baptiste Cutting
38.7%
Co-owner of the Atomic Wrangler who hires you to find 'escorts'James Garret
38.3%
Injured NCR Ranger living in NovacRanger Andy
37.5%
Former convict and possible mayor of PrimmMeyers
36.9%
A wealthy Brahmin baron visiting the Ultra-LuxeHeck Gunderson
35.9%
Manager of The Aces at The TopsTommy Torini
34.5%
Decanus in command of Camp NelsonDead Sea
34.1%
Commander of NCR forces at Camp GolfChief Hanlon
33.6%
Motel owner in NovacJeannie May Crawford
32.7%
Owner of the Novac gift shopCliff Briscoe
32.3%
Legion mongrel who can be fought for her brainLupa
32.3%
Commanding officer of NCR forces at Hoover DamColonel Cassandra Moore
31%
Bodyguard for hire in Freeside who sets up fake attacksOrris
29.1%
Former Vertibird pilot for the EnclaveDaisy Whitman
29%
The leader of the Legion's Praetorian GuardLucius
28.6%
Co-owner of the Atomic Wrangler who hires you to collect debtsFrancine Garret
27.2%
Centurion and commander of Cottonwood CoveAurelius of Phoenix
27.2%
Leader of NCR unit near PrimmLieutenant Hayes
25%
Legion slavemaster at Cottonwood CoveCanyon Runner
24.8%
Musical talent with a debt to Mr. BishopBruce Isaac
12.9%
Frumentarius who aids you in assassinating the President of the NCRCato Hostilius
12.1%
Decanus holding NCR troopers prisoner in the Techatticup Mine Alexus
11.1%
Survivalist resident of North VegasJules
10.5%
Head officer of the NCR MP on The StripCaptain Marie Pappas
7.7%

You're not logged in!

Compare scores with friends on all Sporcle quizzes.
OR
Log In

From the Vault

Science Sorting Gallery

by khands

Anything is possible when you combine science with shooting. Anything.
Remove Ads.
Support Sporcle.
Get the best of Sporcle when you Go Orange. This ad-free experience offers more features, more stats, and more fun while also helping to support Sporcle. Thank you for becoming a member.

Show Comments

Extras

Created Feb 27, 2011ReportNominate
Tags:Character, description, fallout, Vega

Top Quizzes Today


Score Distribution

Your Account Isn't Verified!

In order to create a playlist on Sporcle, you need to verify the email address you used during registration. Go to your Sporcle Settings to finish the process.

Report this User

Report this user for behavior that violates our Community Guidelines.

Details: